000 00826nam a2200229 a 4500
005 20160303123747.0
008 140303s2000 ck abo fr|||| 000 0 spa d
040 _aCO-BoIAVH
_cCO-BoIAVH
041 0 _aspa
044 _ack
082 0 4 _a363.70526
_bM66e1
110 2 _b Ministerio del Medio Ambiente.
_aColombia.
245 1 0 _aEstrategia nacional de cooperación técnica internacional :
_bpara el sistema nacional ambiental
260 _aBogotá :
_bMinambiente,
_c2000.
300 _a125 páginas :
_bIlustraciones, mapas, fotografías ;
_c28 x 22 cm.
504 _aIncluye referencias bibliográficas: páginas 122 - 123.
650 2 6 _aCooperación tecnológica
650 1 6 _aCooperación internacional
650 2 6 _aSistema Nacional Ambiental
662 _aColombia
942 _cLIBRO
_2ddc
999 _c1990
_d1990